000 00440cam a2200193ua 4500
001 9178
005 20260515114433.0
008 150223n ii |||gr||||Z||||||eng
040 _cMAIN
041 _aeng
082 _a823N
100 _aAgnihotri, C. B.,
_eAuthor.
245 1 _aBachelor of arts
_cBy C. B. Agnihotri
250 _a1st.
260 _aAgra:
_bLakshmi,
_c2001.
300 _a72p.
653 _aEnglish fiction
942 _cBK
999 _c8241
_d8241